000 00332nam a22001337a 4500
008 170807b xxu||||| |||| 00| 0 eng d
020 _a9781439078358
041 _aeng
080 _26TH
_a004
100 _a33
101 _aSHK
245 _aINTEGRATING TECHNOLOGY AND DIGITAL MEDIA IN THE CLASSROOM
_cSHELLY,B.G
942 _2udc
_cBK
999 _c22739
_d22739